La perla del hogar. Principios de lecturas para niñas (3ª Parte).

Gespeichert in:
Bibliographische Detailangaben
1. Verfasser: Fernández, SC. Autor
Weitere Verfasser: Ruiz, M. Autor
Format: keine Angabe
Sprache:Spanisch
Erschienen: Madrid G. Herrero 1892
Ausgabe:11ª
Katalog:MANES:  Suchergebnis im Bibliothekskatalog
Schulbuchspezifische Eigenschaften:
Tags: Tag hinzufügen
Keine Tags, Fügen Sie den ersten Tag hinzu!
Hinzugefügt zu:26.04.2016
Geändert in:07.05.2025

MARC

LEADER 000000000a22000000004500
001 11897
003 OSt
005 20250507133337.0
008 160427s sp ||||| |||| 00| 0 spa d
040 |c centro_manes 
041 1 |a spa 
561 |5 es-CICE  |a España. Centro Internacional de la Cultura Escolar  |k MANES 
691 0 |a PRI 
100 1 |a Fernández, SC. Autor  |9 2197 
690 0 |a EyL 
700 1 |a Ruiz, M. Autor  |9 6958 
245 0 0 |a La perla del hogar. Principios de lecturas para niñas (3ª Parte). 
250 |a 11ª 
260 3 |a Madrid  |b G. Herrero  |c 1892 
300 |a 157 p.  |c 14,5 x 10 cm 
942 |2 ddc  |c BK 
546 |a España 
999 |c 17871  |d 17871 
999 |c manes:17871  |d 17871